Countries with the Most Turkish Speakers - Statistics

General Stats
  • This quiz has been taken 163 times
    64 since last reset
  • The average score is 10 of 14
Answer Stats
Turkish Speakers Country % Correct
74,759,000 Turkey
100%
1,831,000 Iran
91%
2,171,000 Germany
89%
93,000 Greece
88%
230,000 Iraq
88%
1,801,000 Syria
88%
605,802 Bulgaria
80%
274,000 France
79%
3,000 Cyprus
77%
204,000 Austria
61%
144,000 Netherlands
54%
17,000 Kosovo
38%
63,000 North Macedonia
38%
48,000 Denmark
27%
No matching quizzes found
Score Distribution
Percent of People with Each Score
Percentile by Number Answered
Your Score History
You have not taken this quiz since the last reset